000 00916cam a2200265 a 4500
001 000012621
005 20240521193438.0
008 980722s1997 ec a b 001 0 spa
020 _a9978620842
035 _a(DLC) 98173883
040 _aDO-SdBNP
_cDLC
_dDLC
042 _apcc
043 _as-ec---
082 _a342.866029
_bB276c
100 1 _aBarrionuevo Silva, Ney.
_d1938-
_929359
245 1 0 _aConstituyente de los pueblos :
_bsalida histórica /
_cNey Barrionuevo Silva.
260 _aEcuador :
_bCasa de la Cultura Ecuatoriana,
_c1997.
300 _a488 p., [8] :
_bil. ;
_c21 cm.
504 _aIncluye referencias bibliográficas (p. 479-488) y el índice de
650 0 _aEcuadro
_xCosntitución
_xHistoria
_929360
650 0 _aDerecho constitucional
_910314
650 0 _aConstitutional history.
_zEcuador
_xHistoria
_929361
910 _aCatalogación por copia / LC
999 _a1
_n0000074
_c12275
_d12275
049 _aBNGR